000 00686nam a2200253#a 4500
001 00695
003 HDC
007 ta
008 230623s2004 xx 000 0 eng d
020 _a9833586090 (pbk.).
040 _aHDC
050 _aHD 62.5
_b.J36 2004
100 _aJamaluddin Che Sab
245 0 _aBagaimana memulakan perniagaan /
_c Jamaluddin Che Sab
264 _aKuala Lumpur :
_bPTS Professional Pub.,
_c2004
300 _ax,164p. ;
_c 22cm
440 _aSiri keusahawan & perniagaan
500 _aIncludes bibliographical references and index
650 _aNew business enterprises
942 _2lcc
942 _cBK
942 _kHD 62.5
942 _m.J36 2004
999 _c22310
_d22310